00323pam a2200109 a 4500020000500000041000500005100001600010245011100026260004600137300000900183700002100192 c h aPawar, S M. aDevelopment and validation of analytical methods for CNS and CVS drugs including stability studieshTheses aPunebBharati Vidyapeeth Universityc2013 a234. aDhaneshwar, S R.